Operation Sindoor (Record no. 369215)

MARC details
000 -LEADER
fixed length control field 01315 a2200157 4500
003 - CONTROL NUMBER IDENTIFIER
control field OSt
005 - DATE AND TIME OF LATEST TRANSACTION
control field 20251211155828.0
008 - FIXED-LENGTH DATA ELEMENTS--GENERAL INFORMATION
fixed length control field 251211b |||||||| |||| 00| 0 eng d
020 ## - INTERNATIONAL STANDARD BOOK NUMBER
International Standard Book Number 9780143478560
100 ## - MAIN ENTRY--PERSONAL NAME
Personal name Dhillon K.
9 (RLIN) 215597
245 ## - TITLE STATEMENT
Title Operation Sindoor
260 ## - PUBLICATION, DISTRIBUTION, ETC. (IMPRINT)
Name of publisher, distributor, etc. Penguin Random House India
Date of publication, distribution, etc. 2025
Place of publication, distribution, etc. New Delhi
300 ## - PHYSICAL DESCRIPTION
Extent 248 pp.
520 ## - SUMMARY, ETC.
Summary, etc. An authentic and valuable retelling of India’s thunderous mission that has substantially changed the level of security in the subcontinent. ― GEN. V.P. MALIK, PVSM, AVSM (Retd) Former Chief of the Army Staff<br/><br/>Operation SINDOOR - Justice is Served ― Additional Directorate General of Strategic Communication, Indian Army<br/><br/>We have at least five fighters (Pakistani) confirmed kills and one large aircraft, which could be either an ELINT aircraft or an AEW &C aircraft, which was taken at a distance of about 300 kilometres. This is actually the largest ever recorded surface-to-air kill. ― Air Chief Marshal Amar Preet Singh, PVSM, AVSM, Indian Air Force Chief<br/><br/>The Army General Headquarters (GHQ) can move from Rawalpindi to Khyber Pakhtunkhwa or wherever they want to move, but they are all within range, so they will have to really find a deep hole. ― LT GEN. IVAN D’CUNHADirector General Army Air Defence, Indian Arm
942 ## - ADDED ENTRY ELEMENTS (KOHA)
Koha item type Books
Source of classification or shelving scheme Dewey Decimal Classification
Holdings
Withdrawn status Lost status Source of classification or shelving scheme Damaged status Not for loan Collection code Home library Current library Date acquired Vendor Cost, normal purchase price Total Checkouts Barcode Date last seen Date last checked out Cost, replacement price Bill Date Koha item type Original Barcode
    Dewey Decimal Classification     BCA MKSSS s K.B. Joshi Institute of Information Technology Library MKSSS s K.B. Joshi Institute of Information Technology Library 02/12/2025 8 449.25 4 KBJP-BK-2861 24/03/2026 16/03/2026 599.00 02/12/2025 Books 2861